000 01001nam a2200277Ia 4500
003 OSt
005 20221005111112.0
006 a|||||r|||| 00| 0
007 ta
008 221004b |||||||| |||| 00| 0 hin d
020 _a9789350008607 (hbk)
_c250
024 _a23187
037 _b216, 16/11/2015, Eastern Book Linkers
_cTextual
040 _aCRL
_cCRL
_bhin
041 _2hin
_ahin
082 _aP152:795, 152M6;Q1
100 _aसुरेश कुमार
245 0 _aअनुवाद सिद्धान्त की रूपरेखा
246 _aAnuvād siddhānta kī rūparekhā
250 _aसंस्करण 3
260 _aनई दिल्ली
_bवाणी प्रकाशन भारत
_c2011
300 _a209पृ0
_ccm.
650 _aहिन्दी भाषा
942 _hP152:795, 152M6;Q1
_cTEXL
_2cc
999 _c1020821
_d1020821